[Event "LTU-ch U20"]
[Site "Vilnius"]
[Date "2008.02.01"]
[Round "7"]
[White "Alekberovas, Anaras"]
[Black "Liatukas, Mikas"]
[Result "1/2-1/2"]
[WhiteElo "2069"]
[BlackElo "2209"]
[PlyCount "93"]
[EventDate "2008.01.28"]
[EventType "swiss"]
[EventRounds "9"]
[EventCountry "LTU"]
[SourceTitle "CBM 122 Extra"]
[Source "ChessBase"]
[SourceDate "2008.03.04"]
[SourceVersion "1"]
[SourceVersionDate "2008.03.04"]
[SourceQuality "1"]

1. e4 c5 2. Nf3 e6 3. c3 Nf6 4. e5 Nd5 5. d4 cxd4 6. cxd4 d6 7. Bd3 dxe5 8. dxe5 Bb4+ 9. Bd2 Nf4 10. Bb5+ Bd7 11. Bxd7+ Qxd7 12. 0-0 Bxd2 13. Qxd2 Ng6 14. Qe3 Nc6 15. Nc3 0-0 16. h4 Qe7 17. g3 Qc7 18. Rfe1 Rfd8 19. Rac1 Qa5 20. a3 Rd7 21. Qe4 h6 22. g4 Rad8 23. h5 Nge7 24. Rcd1 Nd5 25. Nxd5 Rxd5 26. Rxd5 Rxd5 27. Qf4 Nd4 28. b4 Qd8 29. Kg2 Nxf3 30. Qxf3 Qc7 31. Qe4 Qc3 32. Re3 Qb2 33. Qf4 Rd4 34. Qg3 Rd2 35. Rf3 Qd4 36. g5 hxg5 37. Qxg5 Re2 38. h6 Qxe5 39. h7+ Kh8 40. Qd8+ Kxh7 41. Rh3+ Kg6 42. Rg3+ Kh7 43. Qh4+ Kg8 44. Qd8+ Kh7 45. Rh3+ Kg6 46. Rg3+ Kh7 47. Rh3+ 1/2-1/2

[Event "LTU-ch U20"]
[Site "Vilnius"]
[Date "2008.01.31"]
[Round "6"]
[White "Liatukas, Mikas"]
[Black "Dubovikas, Tomas"]
[Result "0-1"]
[WhiteElo "2209"]
[BlackElo "2192"]
[PlyCount "74"]
[EventDate "2008.01.28"]
[EventType "swiss"]
[EventRounds "9"]
[EventCountry "LTU"]
[SourceTitle "CBM 122 Extra"]
[Source "ChessBase"]
[SourceDate "2008.03.04"]
[SourceVersion "1"]
[SourceVersionDate "2008.03.04"]
[SourceQuality "1"]

1. e4 c5 2. Nf3 e6 3. d4 cxd4 4. Nxd4 Qb6 5. Nb3 Qc7 6. Nc3 a6 7. Be2 Nf6 8. 0-0 b5 9. Bf3 Nc6 10. Nd5 exd5 11. exd5 Ne5 12. Re1 d6 13. Bf4 Nfd7 14. c4 bxc4 15. Nd4 Bb7 16. Rc1 Be7 17. Nf5 Bf6 18. g4 0-0-0 19. g5 Nxf3+ 20. Qxf3 Be5 21. Rxc4 Qxc4 22. Rc1 Qxc1+ 23. Bxc1 Rhe8 24. Bd2 Kb8 25. Bb4 Nc5 26. Ne3 Nd3 27. Ba5 Rc8 28. b3 Rc1+ 29. Nf1 Nf4 30. Bd2 Bxd5 31. Qe3 Ne2+ 32. Qxe2 Bxh2+ 33. Kxh2 Rxe2 34. Bxc1 Re1 35. Ne3 Rxc1 36. Nxd5 Rc5 37. Nb4 Rb5 0-1

[Event "LTU-ch U20"]
[Site "Vilnius"]
[Date "2008.01.30"]
[Round "4"]
[White "Liatukas, Mikas"]
[Black "Ralys, Vincas"]
[Result "1-0"]
[WhiteElo "2209"]
[BlackElo "1835"]
[PlyCount "77"]
[EventDate "2008.01.28"]
[EventType "swiss"]
[EventRounds "9"]
[EventCountry "LTU"]
[SourceTitle "CBM 122 Extra"]
[Source "ChessBase"]
[SourceDate "2008.03.04"]
[SourceVersion "1"]
[SourceVersionDate "2008.03.04"]
[SourceQuality "1"]

1. e4 c5 2. Nf3 d6 3. d4 cxd4 4. Nxd4 Nf6 5. Nc3 a6 6. Bg5 Nc6 7. Qd2 e6 8. 0-0-0 h6 9. Bf4 e5 10. Nxc6 bxc6 11. Bxe5 Bg4 12. Bxf6 Qxf6 13. Be2 Bxe2 14. Qxe2 Be7 15. g3 0-0 16. f4 Rab8 17. Qc4 a5 18. Rd3 Rfc8 19. Nd1 a4 20. Qxa4 Ra8 21. Qb3 Rab8 22. Qc4 d5 23. exd5 cxd5 24. Qxd5 Rd8 25. Qf3 Qa6 26. Rxd8+ Bxd8 27. Re1 Qxa2 28. Re8+ Kh7 29. Qa3 Qxa3 30. bxa3 g6 31. Nb2 Kg7 32. Nc4 f6 33. Na5 Kf7 34. Rh8 Kg7 35. Nc6 Kxh8 36. Nxb8 Kg8 37. Nc6 Bb6 38. a4 Bg1 39. a5 1-0

[Event "LTU-ch U20"]
[Site "Vilnius"]
[Date "2008.01.29"]
[Round "3"]
[White "Vasylius, Kestutis"]
[Black "Liatukas, Mikas"]
[Result "1-0"]
[WhiteElo "2070"]
[BlackElo "2209"]
[PlyCount "48"]
[EventDate "2008.01.28"]
[EventType "swiss"]
[EventRounds "9"]
[EventCountry "LTU"]
[SourceTitle "CBM 122 Extra"]
[Source "ChessBase"]
[SourceDate "2008.03.04"]
[SourceVersion "1"]
[SourceVersionDate "2008.03.04"]
[SourceQuality "1"]

1. e4 c5 2. Nf3 d6 3. d4 cxd4 4. Nxd4 Nf6 5. Nc3 a6 6. Bg5 e6 7. f4 Nbd7 8. Qf3 Qc7 9. 0-0-0 b5 10. Bd3 Bb7 11. Rhe1 Qb6 12. Nd5 Qxd4 13. Bxf6 gxf6 14. Bxb5 Qc5 15. Nxf6+ Kd8 16. Nxd7 Qxb5 17. Nxf8 Ke7 18. Qa3 Kxf8 19. Rxd6 Ke8 20. Qc3 Rg8 21. Red1 Rc8 22. Qf6 Bd5 23. exd5 Rxc2+ 24. Kb1 Rc8 1-0

[Event "Four Nations U20"]
[Site "Oslo"]
[Date "2007.12.02"]
[Round "3"]
[White "Hansen, Martin"]
[Black "Liatukas, Mikas"]
[Result "1/2-1/2"]
[WhiteElo "2130"]
[BlackElo "2209"]
[PlyCount "59"]
[EventDate "2007.11.30"]
[EventType "team"]
[EventRounds "3"]
[EventCountry "NOR"]
[SourceTitle "CBM 121 Extra"]
[Source "ChessBase"]
[SourceDate "2008.01.10"]
[SourceVersion "1"]
[SourceVersionDate "2008.01.10"]
[SourceQuality "1"]

1. e4 c5 2. c3 d5 3. exd5 Qxd5 4. d4 g6 5. Nf3 Bg7 6. Na3 cxd4 7. Nb5 Na6 8. Nbxd4 e5 9. Bb5+ Bd7 10. Bxd7+ Qxd7 11. Qe2 0-0-0 12. Nb3 Ne7 13. Be3 Nc6 14. Qc4 Qd5 15. Qxd5 Rxd5 16. Ng5 f5 17. Rd1 Rxd1+ 18. Kxd1 Bf6 19. Ke2 Be7 20. Nf3 Kd7 21. h4 Ke6 22. g3 Rf8 23. Ng5+ Bxg5 24. Bxg5 b6 25. h5 f4 26. hxg6 hxg6 27. g4 Rf7 28. Rh8 Rd7 29. Rf8 Rg7 30. Nd2 1/2-1/2

[Event "Baltija Cup op 4th"]
[Site "Palanga"]
[Date "2007.06.18"]
[Round "5"]
[White "Vedrickas, Tautvydas"]
[Black "Liatukas, Mikas"]
[Result "1-0"]
[WhiteElo "2244"]
[BlackElo "2140"]
[PlyCount "77"]
[EventDate "2007.06.16"]
[EventType "swiss"]
[EventRounds "8"]
[EventCountry "LTU"]
[SourceTitle "EXT 2022"]
[Source "ChessBase"]
[SourceDate "2021.10.06"]
[SourceVersion "1"]
[SourceVersionDate "2021.10.06"]
[SourceQuality "1"]

1. d4 d5 2. c4 c6 3. Nf3 Nf6 4. Nc3 e6 5. Bg5 h6 6. Bh4 dxc4 7. e4 g5 8. Bg3 b5 9. Be2 Nbd7 10. h4 g4 11. Ne5 Bb7 12. Qc2 h5 13. Rd1 Qb6 14. 0-0 Be7 15. d5 Nxe5 16. Bxe5 cxd5 17. exd5 Rh6 18. a4 Nxd5 19. Nxb5 Ne3 20. Qd2 Qc6 21. Bf3 gxf3 22. Qxe3 Rg6 23. g3 Kf8 24. Bd6 a6 25. Bxe7+ Kxe7 26. Nd6 Rb8 27. Qa3 Kf6 28. Qc3+ Ke7 29. Qe5 Rbg8 30. Nf5+ Ke8 31. Qd4 Qd5 32. Qb6 Rxg3+ 33. Nxg3 Rxg3+ 34. fxg3 f2+ 35. Kxf2 Qf3+ 36. Ke1 Qxg3+ 37. Kd2 Be4 38. Kc1 Qxh4 39. Qd6 1-0

[Event "Baltija Cup op 4th"]
[Site "Palanga"]
[Date "2007.06.17"]
[Round "2"]
[White "Liatukas, Mikas"]
[Black "Saulyte, Evelina"]
[Result "1-0"]
[WhiteElo "2140"]
[BlackElo "1973"]
[PlyCount "47"]
[EventDate "2007.06.16"]
[EventType "swiss"]
[EventRounds "8"]
[EventCountry "LTU"]
[SourceTitle "EXT 2022"]
[Source "ChessBase"]
[SourceDate "2021.10.06"]
[SourceVersion "1"]
[SourceVersionDate "2021.10.06"]
[SourceQuality "1"]

1. e4 c5 2. Nf3 d6 3. d4 cxd4 4. Nxd4 Nf6 5. Nc3 a6 6. Be3 e5 7. Nb3 Be6 8. f3 Be7 9. Qd2 0-0 10. 0-0-0 Qc7 11. Kb1 d5 12. exd5 Nxd5 13. Nxd5 Bxd5 14. Qf2 Be6 15. f4 exf4 16. Bxf4 Qc8 17. Bd3 Nc6 18. Qg3 a5 19. a3 Bf6 20. Rdf1 Bxb3 21. cxb3 a4 22. Bd6 Be7 23. Bf5 Qd8 24. Be5 1-0

[Event "LTU-ch U18"]
[Site "Panevezys"]
[Date "2007.03.24"]
[Round "3"]
[White "Liatukas, Mikas"]
[Black "Zickus, Simonas"]
[Result "1-0"]
[WhiteElo "2104"]
[BlackElo "2257"]
[PlyCount "69"]
[EventDate "2007.03.23"]
[EventType "swiss"]
[EventRounds "9"]
[EventCountry "LTU"]
[SourceTitle "EXT 2022"]
[Source "ChessBase"]
[SourceDate "2021.10.06"]
[SourceVersion "1"]
[SourceVersionDate "2021.10.06"]
[SourceQuality "1"]

1. e4 d6 2. d4 Nf6 3. Nc3 g6 4. Bg5 c6 5. Qd2 h6 6. Bh4 g5 7. Bg3 Nh5 8. Nge2 Nd7 9. f3 Nxg3 10. Nxg3 e6 11. 0-0-0 Qa5 12. Kb1 d5 13. a3 Qb6 14. Ka1 Qa5 15. Qe3 Nb6 16. Na2 Nc4 17. Bxc4 dxc4 18. e5 Be7 19. Nh5 Bd7 20. Ng7+ Kd8 21. g4 b5 22. Nh5 Rb8 23. c3 Qa4 24. Nb4 Rb6 25. Nf6 Kc7 26. d5 Bxb4 27. dxc6 Bxa3 28. Rxd7+ Kc8 29. bxa3 Qxa3+ 30. Kb1 b4 31. Ne4 bxc3+ 32. Qxb6 axb6 33. Nd6+ Kb8 34. c7+ Ka8 35. Rd8+ 1-0

[Event "Panevezys-ch"]
[Site "Panevezys"]
[Date "2007.03.18"]
[Round "8"]
[White "Liatukas, Mikas"]
[Black "Lomonosovas, Vitalijus"]
[Result "1/2-1/2"]
[WhiteElo "2104"]
[BlackElo "2143"]
[PlyCount "26"]
[EventDate "2007.02.04"]
[EventType "tourn"]
[EventRounds "13"]
[EventCountry "LTU"]
[SourceTitle "EXT 2010"]
[Source "ChessBase"]
[SourceDate "2010.11.25"]
[SourceVersion "1"]
[SourceVersionDate "2010.11.25"]
[SourceQuality "1"]

1. e4 c6 2. d4 d5 3. f3 e6 4. Nc3 Nf6 5. Bf4 Bb4 6. Qd3 0-0 7. Nge2 b6 8. Qe3 Ba6 9. 0-0-0 Nbd7 10. a3 Be7 11. h4 b5 12. h5 b4 13. axb4 Bxb4 1/2-1/2

[Event "LTU-ch sf"]
[Site "Vilnius"]
[Date "2007.02.20"]
[Round "7"]
[White "Mickevicius, Juras"]
[Black "Liatukas, Mikas"]
[Result "1-0"]
[WhiteElo "2279"]
[BlackElo "2104"]
[PlyCount "67"]
[EventDate "2007.02.16"]
[EventType "swiss"]
[EventRounds "9"]
[EventCountry "LTU"]
[SourceTitle "EXT 2010"]
[Source "ChessBase"]
[SourceDate "2010.11.25"]
[SourceVersion "1"]
[SourceVersionDate "2010.11.25"]
[SourceQuality "1"]

1. d4 Nf6 2. c4 c5 3. d5 e6 4. Nc3 exd5 5. cxd5 d6 6. Nf3 g6 7. g3 Bg7 8. Bg2 0-0 9. 0-0 Nbd7 10. Bf4 Ne8 11. e4 Ndf6 12. Re1 Nh5 13. Bg5 Qc7 14. Rc1 a6 15. a4 Bg4 16. h3 Bxf3 17. Bxf3 Nhf6 18. Bg2 Rb8 19. Be3 b5 20. b4 Nd7 21. f4 cxb4 22. Nxb5 axb5 23. Rxc7 Nxc7 24. a5 Bc3 25. Bd4 Bxe1 26. Qxe1 Na6 27. e5 Rfe8 28. e6 Ndc5 29. f5 b3 30. Qe3 f6 31. fxg6 Rb7 32. Bxf6 Nb4 33. Be4 hxg6 34. Qh6 1-0

[Event "LTU-ch sf"]
[Site "Vilnius"]
[Date "2007.02.18"]
[Round "5"]
[White "Liatukas, Mikas"]
[Black "Beinoras, Mindaugas"]
[Result "1/2-1/2"]
[WhiteElo "2104"]
[BlackElo "2222"]
[PlyCount "48"]
[EventDate "2007.02.16"]
[EventType "swiss"]
[EventRounds "9"]
[EventCountry "LTU"]
[SourceTitle "EXT 2010"]
[Source "ChessBase"]
[SourceDate "2010.11.25"]
[SourceVersion "1"]
[SourceVersionDate "2010.11.25"]
[SourceQuality "1"]

1. e4 d6 2. d4 Nf6 3. Nc3 g6 4. f3 Bg7 5. Be3 Nbd7 6. Qd2 e5 7. 0-0-0 exd4 8. Bxd4 0-0 9. g4 h5 10. h4 a6 11. Nge2 c5 12. Be3 Ne5 13. Ng1 hxg4 14. f4 Nc6 15. Qxd6 Qxd6 16. Rxd6 Nd4 17. Bg2 g3 18. Nge2 Ng4 19. Bd2 Bf6 20. h5 Be7 21. Rb6 Bd8 22. Rd6 Be7 23. Rb6 Bd8 24. Rd6 Be7 1/2-1/2

[Event "Panevezys-ch"]
[Site "Panevezys"]
[Date "2007.02.11"]
[Round "2"]
[White "Liatukas, Mikas"]
[Black "Viskelis, Steponas"]
[Result "1-0"]
[WhiteElo "2104"]
[BlackElo "2064"]
[PlyCount "61"]
[EventDate "2007.02.04"]
[EventType "tourn"]
[EventRounds "13"]
[EventCountry "LTU"]
[SourceTitle "EXT 2010"]
[Source "ChessBase"]
[SourceDate "2010.11.25"]
[SourceVersion "1"]
[SourceVersionDate "2010.11.25"]
[SourceQuality "1"]

1. e4 e5 2. Nf3 Nc6 3. Bb5 a6 4. Ba4 Nf6 5. 0-0 b5 6. Bb3 Be7 7. Re1 d6 8. h3 0-0 9. a3 Na5 10. Ba2 c5 11. Nc3 Nc6 12. d3 h6 13. Nd5 Nxd5 14. Bxd5 Qc7 15. Nh2 Rb8 16. Qh5 Nd4 17. Bxh6 Be6 18. Bxg7 Kxg7 19. Re3 Rg8 20. Rg3+ Kf8 21. Qh6+ Ke8 22. Rxg8+ Kd7 23. Rxb8 Qxb8 24. c3 Ne2+ 25. Kf1 Bxd5 26. exd5 Nf4 27. Qh7 Qf8 28. a4 Nxd5 29. axb5 axb5 30. Qf5+ Kc6 31. Qf3 1-0

[Event "LTU-ch U20"]
[Site "Vilnius"]
[Date "2007.02.02"]
[Round "8"]
[White "Jurgaitis, Skirmantas"]
[Black "Liatukas, Mikas"]
[Result "1/2-1/2"]
[WhiteElo "2021"]
[BlackElo "2104"]
[PlyCount "124"]
[EventDate "2007.01.29"]
[EventType "swiss"]
[EventRounds "9"]
[EventCountry "LTU"]
[SourceTitle "EXT 2010"]
[Source "ChessBase"]
[SourceDate "2010.11.25"]
[SourceVersion "1"]
[SourceVersionDate "2010.11.25"]
[SourceQuality "1"]

1. e4 c5 2. b3 Nf6 3. e5 Nd5 4. Nf3 e6 5. Bb2 b6 6. g3 Bb7 7. Bg2 Nc6 8. 0-0 Rc8 9. d4 cxd4 10. Nxd4 Nxd4 11. Bxd4 Qc7 12. c4 Ne7 13. Nc3 Nf5 14. Ne4 Bxe4 15. Bxe4 Nxd4 16. Qxd4 Bc5 17. Qc3 h5 18. h4 g5 19. hxg5 Rg8 20. Kg2 Rxg5 21. f4 Rg8 22. Rh1 d6 23. Rad1 dxe5 24. Qxe5 Qxe5 25. fxe5 Rg5 26. Bf3 Rxe5 27. Bxh5 Rg5 28. Be2 Ke7 29. Rd3 Rcg8 30. Rh7 R5g7 31. Rxg7 Rxg7 32. Bf3 f5 33. Bc6 Bd6 34. Kf2 e5 35. Rf3 Rg5 36. g4 Bc5+ 37. Ke2 f4 38. Rh3 Rxg4 39. Bf3 Rg7 40. Be4 Kf6 41. Rh6+ Kg5 42. Rh2 Rd7 43. Rg2+ Kf6 44. Rg6+ Kf7 45. Rg5 Bd4 46. Rh5 Rd8 47. Rh7+ Kf6 48. Rh6+ Ke7 49. Bd5 a5 50. a3 Rf8 51. Rh7+ Kd8 52. Kf3 Re8 53. Ra7 Re7 54. Rxe7 Kxe7 55. b4 Kd6 56. bxa5 bxa5 57. a4 Kc5 58. Ke4 Kb4 59. Bc6 Kxc4 60. Kf3 Kd3 61. Be4+ Kd2 62. Bd5 Ke1 1/2-1/2